The city : patterns of domination and conflict

Αποθηκεύτηκε σε:
Λεπτομέρειες βιβλιογραφικής εγγραφής
Κύριος συγγραφέας: Elliott, Brian
Άλλοι συγγραφείς: McCrone, David
Μορφή: Βιβλίο
Γλώσσα:English
Δημοσίευση: Macmillan, London 1982
Σειρά:Sociology, politics, and cities
Θέματα:
Ετικέτες: Προσθήκη ετικέτας
Δεν υπάρχουν, Καταχωρήστε ετικέτα πρώτοι!

MARC

LEADER 00000nam a2200000 i 4500
001 1/77362
008 961217s1982 eng d
020 |a 0-333-22603-8 
035 |l 10004256 
040 |a GR-MY-UA  |b gre  |e aacr 
041 0 |a eng 
082 0 |a 307.76 
100 1 |a Elliott, Brian. 
245 1 4 |a The city :  |b patterns of domination and conflict /  |c Brian Elliott and David McCrone 
260 |b Macmillan,   |c London  |c 1982 
300 |a 173 p. 
490 1 |a Sociology, politics, and cities 
504 |a Includes index 
650 0 0 |a Sociology, Urban. 
650 0 0 |a Cities and towns. 
700 1 |a McCrone, David. 
830 0 |a Sociology, politics, and cities 
852 |a INST  |b LESVOS  |e 19961217  |h 307.76 ELL  |p 005100008765  |q 005100008765  |t BK  |y 4  |x 20200210 
909 |a Λ  |b 005291